| 000 | 00689nam a2200205Ii 4500 | ||
|---|---|---|---|
| 003 | JO-AjNU | ||
| 008 | 230605s9999||||xx |||||||||||||| ||und|| | ||
| 040 |
_aJO-AjNU _bara _erda _cJO-AjNU |
||
| 041 | _aara | ||
| 050 | 1 | 4 | _aLB1117.F3292 2007 |
| 100 | 3 |
_aتأليف الفاعوري، وائل إبراهيم, _eauthor _922236 |
|
| 245 | 0 | 0 | _aالتربية البيئية الحديثة للطفل |
| 250 | _aط1 | ||
| 264 | 3 | 1 | _aعمان: مركز الكتاب الأكاديمي، 2007 |
| 300 | _a272ص | ||
| 336 |
_atext _btxt _2rdacontent |
||
| 337 |
_aunmediated _bn _2rdamedia |
||
| 338 |
_avolume _bnc _2rdacarrier |
||
| 650 | 4 |
_aالتربية البيئية - أطفال _922237 |
|
| 999 |
_aA7859 _c11427 _d11427 |
||